Od základných pojmov ku globalizácii

Recenzovaná učebnica Ekonómia v novej ekonomike zohľadňuje nové tendencie vo vývoji svetovej ekonomiky v 21 storočí. Ucelené tematické okruhy nasledujú v logickej nadväznosti s cieľom postupne zvládnuť najdôležitejšie otázky mikroekonómie, makroekonómie a medzinárodných vzťahov v podmienkach novej e...

Descripción completa

Guardado en:
Detalles Bibliográficos
Autor principal: Staneková, Eva
Formato: Capítulo de libro
Lenguaje:eslovaco
Materias:
Etiquetas: Agregar Etiqueta
Sin Etiquetas, Sea el primero en etiquetar este registro!

MARC

LEADER 00000naa$a2200000$$$4500
001 0047921
005 20240502071542.1
041 0 |a slo 
044 |a SK 
245 1 0 |a Od základných pojmov ku globalizácii  |c Eva Staneková 
520 |a Recenzovaná učebnica Ekonómia v novej ekonomike zohľadňuje nové tendencie vo vývoji svetovej ekonomiky v 21 storočí. Ucelené tematické okruhy nasledujú v logickej nadväznosti s cieľom postupne zvládnuť najdôležitejšie otázky mikroekonómie, makroekonómie a medzinárodných vzťahov v podmienkach novej ekonomiky. Publikácia je rozdelená do siedmich problémových okruhov rozčlenených na 40 kapitol, ktoré tvoria základ ekonomického uvažovania o fungovaní trhovej ekonomiky v nových podmienkach. 
610 2 0 |a recenzie 
610 2 0 |a teórie ekonomické 
610 2 0 |a ekonomika nová 
610 2 0 |a vývoj hospodársky 
610 2 0 |a pojmy 
610 2 0 |a makroekonomika 
610 2 0 |a mikroekonomika 
100 1 |a Staneková, Eva